000 00431nam a2200145Ia 4500
003 IQ-KOUCL
041 _aKurdish
082 _a351 cut-225 ع
100 _a20260118u\\\\\\\\\\\y0engy0103\\\\ba
245 0 _aپرۆتۆکۆلەکان ١٢٤ ساڵى ٢٠٢١ بەرگى سەدوبیستوچوار سالى ٢٠٢٣
250 _aچ1
260 _bجابخابەى شەهاب
_aهەولیر
_c2023
300 _a333
942 _cBk
999 _c186867
_d186867